000 00544nam a2200181 i 4500
001 bgj
100 1 _aKANTOROWICZ, Alfred.
245 1 0 _aHeinrich und Thomas Mann :
_bdie persönlichen, literarischen undweltanschaulichen Beziehungen der Brüder /
_cAlfred Kantorowicz.
260 _aBerlin :
_bAufbau-Verlag,
_c1956.
300 _a135 s., [2] k. :
_bil. ;
_c20 cm.
650 9 _aLiteratura niemiecka
040 _cBPK
041 0 _ager
044 _aDEU
080 _a821.112.2
942 _cKS
008 s gw f |000 0 ger
999 _c50289
_d50289
856 _uhttp://koha.tu.koszalin.pl/cgi-bin/koha/opac-detail.pl?biblionumber=50289
_yKatalog online BPK